Doctrina de la empresa / (Record no. 133771)

MARC details
000 -LEADER
campo de control de longitud fija 00785nam a2200217 i 4500
001 - NÚMERO DE CONTROL
campo de control 133771
003 - IDENTIFICADOR DE NÚMERO DE CONTROL
campo de control ES-MaACL
005 - FECHA Y HORA DE LA ÚLTIMA TRANSACCIÓN
campo de control 20250902055926.0
007 - CAMPO FIJO DE DESCRIPCIÓN FÍSICA--INFORMACIÓN GENERAL
campo de control de longitud fija t|
008 - DATOS DE LONGITUD FIJA--INFORMACIÓN GENERAL
campo de control de longitud fija 070828s1970 sp ||||1| spa d
100 1# - ENTRADA PRINCIPAL--NOMBRE DE PERSONA
Nombre de persona Woot, Philippe de.
9 (RLIN) 117366
245 10 - MENCIÓN DEL TÍTULO
Título Doctrina de la empresa /
Mención de responsabilidad, etc. Philippe de Woot ; prefacio de José Manuel González Páramo ; prólogo de François Bloch-Lainé ; [versión... por Juan Andrés Iglesias Sanz].
260 ## - PUBLICACIÓN, DISTRIBUCIÓN, ETC.
Lugar de publicación, distribución, etc. Madrid :
Nombre del editor, distribuidor, etc. Rialp,
Fecha de publicación, distribución, etc. [1970]
300 ## - DESCRIPCIÓN FÍSICA
Extensión 338 p. ;
Dimensiones 24 cm.
650 17 - PUNTO DE ACCESO ADICIONAL DE MATERIA--TÉRMINO DE MATERIA
Término de materia o nombre geográfico como elemento de entrada Empresas
Fuente del encabezamiento o término embne
9 (RLIN) 12209
700 1# - ENTRADA AGREGADA--NOMBRE PERSONAL
Nombre de persona Bloch-Laine, François.
9 (RLIN) 29523
700 0# - ENTRADA AGREGADA--NOMBRE PERSONAL
Nombre de persona Iglesias, Juan Andrés.
9 (RLIN) 65084
700 1# - ENTRADA AGREGADA--NOMBRE PERSONAL
Nombre de persona González Páramo, José Manuel,
Fechas asociadas al nombre 1927-
9 (RLIN) 152414
852 ## - LOCALIZACIÓN
Ubicación ES-MaACL
Número de control de estantería C-44564
Sublocalización o colección R.74894
Holdings
Estatus retirado Estado de pérdida Estado de daño No para préstamo Biblioteca de origen Biblioteca actual Ubicación en estantería Fecha de adquisición Fuente de adquisición Total de préstamos Signatura topográfica completa Código de barras Visto por última vez Precio de reemplazo Tipo de ítem Koha
        Biblioteca del Ateneo de Madrid Biblioteca del Ateneo de Madrid Depósito 2 17/01/2008     C-44564 1139253 23/02/2023 23/02/2023 Libro impreso